Актёры и актрисы по фильмам - Statistics

General Stats
  • This quiz has been taken 47 times
  • The average score is 4 of 17
Answer Stats
Hint Answer % Correct
Лицо со шрамом, Схватка, Собачий полдень Аль Пачино
67%
28 дней спустя, Бэтмен: Начало, Дюнкерк Киллиан Мерфи
60%
Ненависть, Багровые реки, Чёрный лебедь Венсан Кассель
51%
Рыцари справедливости, Казино «Рояль», Ещё по одной Мадс Миккельсен
44%
Залечь на дно в Брюгге, Особое мнение, Спасти мистера Бэнкса Колин Фаррелл
35%
Луна 2112, Власть, Семь психопатов Сэм Рокуэлл
28%
Такси, Долгая помолвка, Начало Марион Котийяр
28%
Одержимость, Джуно, Быть Рикардо Джей Кей Симмонс
21%
1984, Полуночный экспресс, V-значит вендетта Джон Хёрт
19%
Апокалипсис сегодня, Уловка-22, Отступники Мартин Шин
19%
Самый жестокий год, Из машины, Дюна Оскар Айзек
14%
Другие люди, Иуда и чёрный мессия, Убийцы цветочной луны Джесси Племонс
9%
Навострите ваши уши, Дракула, Оппенгеймер Гэри Олдмен
9%
Авторитет, Над кольцом, В тупике Тупак Шакур
5%
Мост слишком далеко, Ограбление по-итальянски, Правила виноделов Майкл Кейн
5%
Девичник в Вегасе, Близнецы, Марсианин Кристен Уиг
5%
Дрянные девчонки, В центре внимания, Ночные игры Рейчел Макaдамс
0%
No matching quizzes found
Score Distribution
Percent of People with Each Score
Percentile by Number Answered
Your Score History
You have not taken this quiz